|
|
|
|
| LEADER |
01684nam a2200421 i 4500 |
| 001 |
EBC1986695 |
| 003 |
MiAaPQ |
| 005 |
20201109064211.0 |
| 006 |
m o d | |
| 007 |
cr cnu|||||||| |
| 008 |
201109s2010 enk o 001 0 eng d |
| 020 |
|
|
|z 9781408128091
|
| 020 |
|
|
|a 9781408128107
|q (electronic bk.)
|
| 035 |
|
|
|a (MiAaPQ)EBC1986695
|
| 035 |
|
|
|a (Au-PeEL)EBL1986695
|
| 035 |
|
|
|a (CaONFJC)MIL296014
|
| 035 |
|
|
|a (OCoLC)905985936
|
| 040 |
|
|
|a MiAaPQ
|b eng
|e rda
|e pn
|c MiAaPQ
|d MiAaPQ
|
| 050 |
|
4 |
|a HF5549.5.E42
|b .D435 2010
|
| 082 |
0 |
|
|a 658.3045
|2 23
|
| 245 |
0 |
0 |
|a Deal with difficult people :
|b how to cope with tricky situations in the workplace.
|
| 250 |
|
|
|a Revised edition.
|
| 264 |
|
1 |
|a London :
|b A & C Black,
|c [2010]
|
| 264 |
|
4 |
|c 2010
|
| 300 |
|
|
|a 1 online resource (91 pages).
|
| 336 |
|
|
|a text
|b txt
|2 rdacontent
|
| 337 |
|
|
|a computer
|b c
|2 rdamedia
|
| 338 |
|
|
|a online resource
|b cr
|2 rdacarrier
|
| 490 |
1 |
|
|a Steps to success
|
| 500 |
|
|
|a Includes index.
|
| 588 |
|
|
|a Description based on print version record.
|
| 590 |
|
|
|a Electronic reproduction. Ann Arbor, MI : ProQuest, 2018. Available via World Wide Web. Access may be limited to ProQuest affiliated libraries.
|
| 650 |
|
0 |
|a Problem employees.
|
| 655 |
|
4 |
|a Electronic books.
|
| 776 |
0 |
8 |
|i Print version:
|t Deal with difficult people : how to cope with tricky situations in the workplace.
|b Revised edition.
|d London : A & C Black, c2010
|h 91 pages
|k Steps to success (London, England)
|z 9781408128091
|
| 797 |
2 |
|
|a ProQuest (Firm)
|
| 830 |
|
0 |
|a Steps to success (London, England)
|
| 856 |
4 |
0 |
|u https://ebookcentral.proquest.com/lib/matrademy/detail.action?docID=1986695
|z Click to View
|